| 000 | 01117nam a2200277 a 4500 | ||
|---|---|---|---|
| 003 | DO-SdBNP | ||
| 005 | 20240228143659.0 | ||
| 007 | ta | ||
| 008 | 211001e2013 dr a|||grc||| 00| 0 spa d | ||
| 040 |
_aDO-SdBNP _bspa _cBNPHU |
||
| 082 | 4 |
_a759.97293 _bH641L _222 |
|
| 100 | 1 |
_aHilaris Holt, Diego José _980084 |
|
| 245 | 1 | 0 |
_aLos medallones : 16 pinturas del siglo XVIII = The medallions : 16 paintings of XVIII century / _b _cDiego José Hilaris Holt ; [compilador] Sergio Barbieri |
| 246 | 1 | _aThe medallions: 16 paintings of XVIII century | |
| 260 |
_aHigüey, República Dominicana : _bMuseo de la Altagracia, _c2013. |
||
| 300 |
_a71 p : _bil. ; _c23 cm. |
||
| 546 | _aTexto en español e inglés | ||
| 590 | _aInventriado 2021 / MF | ||
| 600 | 1 | 0 |
_aHilaris Holt, Diego José, _d(17?? - 18??) _980089 |
| 650 | 4 |
_aPintura dominicana _ySiglo XVIII _980097 |
|
| 650 | 4 |
_aPintura colonial dominicana _980098 |
|
| 700 | 1 | 2 |
_aBarbieri, Segio, _d1944 _ecomp. _980090 |
| 710 | 2 |
_aMuseo de la Altagracia (Higuey, República Dominicana) _980085 |
|
| 910 | _aValidado. Control de calidad MFF | ||
| 942 |
_2ddc _cLBS1 |
||
| 999 |
_c50686 _d50686 |
||